000 00308nam a22001337a 4500
020 _a81-7109-005-2
082 _a270 SCH
100 _aSchreck, Alan
245 _aThe Compact History Of The Catholic Church
260 _aMumbai
_bSt. Pauls
_c1987
300 _a191
650 _aChurch-History
942 _cBK
999 _c20601
_d20601